000 01114nam a2200289Ia 4500
003 OSt
005 20221005111549.0
006 a|||||r|||| 00| 0
007 ta
008 221004b |||||||| |||| 00| 0 hin d
020 _a9788126031863 (hbk)
024 _a27380
037 _bGift, 22/07/2016,
_cTextual
040 _aCRL
_cCRL
_bhin
041 _2hin
_ahin
082 _aO152,6N2410:g, Q1
100 _aमिश्र, सत्यप्रकाश
245 0 _aविजयदेव नारायण साही
246 _aVijayadev nārāyaṇ sāhī
260 _aनई दिल्ली
_bसाहित्य अकादेमी भारत
_c2001
300 _a121पृ0
_ccm.
490 _aभारतीय साहित्य के निर्माता
650 _aहिन्दी साहित्य
700 _a तिवारी, विनोद
942 _hO152,6N2410:g, Q1
_cTEXL
_2cc
999 _c1022182
_d1022182